Introduction to statistics and data analysis for physicists (Record no. 1715338)

MARC details
000 -LEADER
fixed length control field 00377 a2200145 4500
003 - CONTROL NUMBER IDENTIFIER
control field OSt
005 - DATE AND TIME OF LATEST TRANSACTION
control field 20260313152153.0
008 - FIXED-LENGTH DATA ELEMENTS--GENERAL INFORMATION
fixed length control field 260313b |||||||| |||| 00| 0 eng d
040 ## - CATALOGING SOURCE
Transcribing agency csl
100 ## - MAIN ENTRY--PERSONAL NAME
Personal name Bohm, Gerhard
9 (RLIN) 1131982
245 ## - TITLE STATEMENT
Title Introduction to statistics and data analysis for physicists
250 ## - EDITION STATEMENT
Edition statement 4th
260 ## - PUBLICATION, DISTRIBUTION, ETC.
Name of publisher, distributor, etc. World scientific
Date of publication, distribution, etc. 2025
942 ## - ADDED ENTRY ELEMENTS (KOHA)
Koha item type Textual
Source of classification or shelving scheme Colon Classification (CC)
Holdings
Withdrawn status Lost status Source of classification or shelving scheme Damaged status Not for loan Home library Current library Date acquired Source of acquisition Cost, normal purchase price Total Checkouts Date last seen Cost, replacement price Price effective from Koha item type
    Colon Classification (CC)     Central Science Library Central Science Library 2026-03-24 106 4188.06   2026-03-24 5235.08 2026-03-24 Textual
Copyright @ Delhi University Library System